000 00458nam a2200193Ia 4500
008 240510s9999 xx 000 0 und d
020 _a0790145594983
041 _aEng
082 _a005.118
082 _bO52
100 _aONEY,WALTER
245 0 _aSYSTEMS PROGRAMMING FOR WINDOWS 95
260 _bMICROSOFT PRESS : WASHINGTON
260 _c1996
300 _a715 p.
650 _aPROGRAMMING LANGUAGES : WINDOWS
942 _2ddc
942 _cLBK
999 _c24213
_d24213
945 _a1
_bMadushi Gamage
_c1
_dMadushi Gamage